Science by Picture - A - Statistics

General Stats
  • This quiz has been taken 2,336 times
  • The average score is 12 of 18
Answer Stats
Picture Hint Answer % Correct
particle Atom
99%
field of study Astronomy
93%
region Antarctica
91%
part of the body Abdomen
86%
element Aluminum
85%
animal Anteater
84%
occurrence Aurora
82%
galaxy Andromeda
75%
field of study Archaeology
74%
organ Appendix
73%
imaginary line Axis
71%
field of mathematics Algebra
64%
organism Amoeba
57%
concept Acceleration
52%
intersection of lines Angle
38%
geologic formation Atoll
36%
scientist Archimedes
26%
measurement tool Altimeter
10%
No matching quizzes found
Score Distribution
Percent of People with Each Score
Percentile by Number Answered
Your Score History
You have not taken this quiz